000 00411nam a22001697a 4500
003 MPLRDC
005 20220104114740.0
008 210129b ||||| |||| 00| 0 eng d
082 _a857.62 HGZS
100 _a横沟正史著; 巩长金、孟瑜译
245 _a怪兽男爵
_c
250 _a一版一刷
260 _a
_b长虹出版公司
_c1989
300 _b
650 _a
942 _cBK
_o857.62 HGZS
999 _c9919
_d9909